00915nam a2200265Ia 450000500170000000800410001702000150005804100080007310000280008124501300010925000220023930000330026149000160029465000260031065000420033665000370037870000310041570000340044626400350048033600270051533700330054233800280057504000350060308400110063820220316235619.0121119s2003 ck gr 000 f spa  a95830068150 aspa1 aVerne, Juliod1828-190513aLa vuelta al mundo en ochenta días cJulio Verne; versión abreviada de Miguel Arteche ; ilustraciones de Andrés Jullian aPrimera edición a176 páginasbilustraciones0 aJulio Verne14aNovela francesa2LEMB14a Literatura francesaySiglo XIX2LEMB14aAventuras en la literatura2LEMB1 aArteche, Migueletraductor1 aJullian, Andréseilustrador aBogotá bPanamericana c2003 atextobtxt2rdacontent asin mediaciónbn2rdamedia avolumenbnc2rdacarrier aCO-BoRNBPbspaerdacCO-BoRNBP aN VER2